| 000 | 00640nam a2200181 a 4500 | ||
|---|---|---|---|
| 005 | 20240925064659.0 | ||
| 008 | 991125ns.a. mx 000 0 spa u | ||
| 035 | _aUPN01000055404 | ||
| 049 | _aAV | ||
| 099 | _aPVI H 0316 | ||
| 245 | 0 | 0 | _aTara, el picapedrero. |
| 260 |
_aMéxico : _bAIMS MEDIA : _bPelículas Ebesa, _c[s.a.] |
||
| 300 |
_a1 videocasete (VHS) (08 min.) : _bson., col. |
||
| 520 | _aCon dibujos animados se presenta la historia de un hombre que descubre que para ser feliz sólo hay que ser uno mismo | ||
| 650 | 4 |
_aPoder (Ciencias sociales) _91203 |
|
| 650 | 4 |
_aRelaciones interpersonales _91551 |
|
| 905 | _aAUDIOVISUALES | ||
| 999 |
_c55404 _d55404 |
||